| 000 | 00792nam a22002177a 4500 | ||
|---|---|---|---|
| 003 | OSt | ||
| 005 | 20220929163622.0 | ||
| 008 | 220929b |||||||| |||| 00| 0 eng d | ||
| 020 | _a978-607-7746-28-7 | ||
| 040 | _cBiblioteca Lado V | ||
| 082 |
_a779.943.4 _bH498h |
||
| 100 |
_920 _aHendrix, Jan |
||
| 245 | _aLa Holanda/ | ||
| 260 |
_aMadrid _bTaller de Comunicación Gráfica, S.A. de C.V. _c2014 |
||
| 300 |
_a60p. _bLibro de fotografías en blanco y negro _c21.5x31.5cm |
||
| 650 |
_2Tesauro de Arte & Arquitectura _aFOTOGRAFIA |
||
| 650 |
_2Tesauro de Arte & Arquitectura _aBLANCO Y NEGRO |
||
| 650 |
_2Tesauro de Arte & Arquitectura _aNATURALEZA |
||
| 650 |
_2Tesauro de Arte & Arquitectura _aPLANTAS |
||
| 942 |
_2ddc _c1 _ePrimera edicion _h779.943.4 _iH498h _n0 |
||
| 999 |
_c2130 _d2130 |
||